Managing business research projects : effective management of research projects

Bibliographic Details
Main Author: Tow, Khee Kin
Format: Book
Published: Petaling Jaya : Leeds Publications , 2004
Subjects:

MARC

LEADER 00000cam a2200000 7i4500
001 0000016316
005 20060307.0
020 |a 9832431654 
040 |a INS 
090 0 0 |a HD30.4   |b TOW 2004 
100 1 |a Tow, Khee Kin 
245 0 0 |a Managing business research projects :   |b effective management of research projects   |c Tow Khee Kin 
260 |a Petaling Jaya :   |b Leeds Publications ,   |c 2004 
300 |a xiii,80p. ;   |c 22cm. 
650 0 0 |a Business   |x Research 
999 |a 0000016385   |b BOOK   |c Open Shelf   |e Default branch